000 00384nam a2200145Ia 4500
008 210210b1979 xxu||||| |||| 00| 0 eng d
082 _a428 REGA
100 _aREGO (Aloysius G).
245 _aAids to english composition. (Words) Part 1.
260 _aAllahabad.
_bBetter yourself books
_c1979
300 _a251
650 _aWords
690 _aEnglish Usage
906 _aSG02340
999 _c113238
_d113238